00773nam a2200217 a 450000100100000000500170001000800410002704000250006808200150009310000170010824501250012525000110025026000390026130000350030049000280033550400740036370000240043770000290046170000370049083000280052700002268720200930021735.0101115s1966 sp ad r 000 0 spa d aDO-SdBNPbspacBNPHU axxxbD139s1 aDale, Ernest13aEl staff en la empresa /cErnest Dale , Ludndall F. Urwick ; traducción Pedro de la LLosa , María Luisa Oyarzábal. a2a ed. aBilbao :bEdiciones Deusto,c1966. a221 p. :bil., diag. ;c25 cm.1 aClásicos de gestión aIncluye referencias bibliográficas y notas al pie de las páginas.1 aUrwick, Lyndall F.,1 aLlosa, Pedro de la,etr.1 aOyarzábal, María Luisa,etr. 0aClásicos de gestión